| 000 | 01713cam a22004694i 4500 | ||
|---|---|---|---|
| 003 | PE-LiUPU | ||
| 005 | 20250731172949.0 | ||
| 008 | 150623s r 000 0 d | ||
| 020 | _a0931464382 | ||
| 035 | _a(Sirsi) i9780931464386 | ||
| 040 |
_aPE-LiUPU _bspa _cPE-LiUPU _erda |
||
| 049 | _aPRUA | ||
| 082 | 0 | 4 |
_a291.35 _bT87 _221 |
| 100 | 1 |
_aFox, Michael V., _eautor. |
|
| 245 | 1 | 0 |
_aTemple in society / _ceditado por Michael V. Fox. |
| 264 | 1 |
_aWinona Lake : _bEisenbrauns, _c1988. |
|
| 300 |
_a138 páginas ; _c24 centímetros |
||
| 336 |
_atext _2rdacontent |
||
| 337 |
_aunmediated _2rdamedia |
||
| 338 |
_avolume _2rdacarrier |
||
| 504 | _aIncluye bibliografía. | ||
| 505 | 0 | _aThe temple in sumerian literature. -Temple and community in ancient. -The meaning and function of the temple in classical Greece. -The Hindu temple and Indian society. -Mesoamerican temples. -Temples and shrines in Japan: their social functions. -The temple in image and reality. | |
| 526 | _aSEG42 | ||
| 526 | _aSEG41 | ||
| 526 | _aSEG40 | ||
| 526 | _aSEG39 | ||
| 526 | _aP94 | ||
| 526 | _aP87 | ||
| 526 | _aP86 | ||
| 526 | _aP85 | ||
| 526 | _aP77 | ||
| 526 | _aP76 | ||
| 526 | _aP35 | ||
| 650 | 0 | 4 |
_aTemplos _xEstudios comparativos. |
| 700 | 1 |
_aFox, Michael V., _d1940-, _eed. |
|
| 942 |
_2ddc _cBOOK |
||
| 949 |
_a291.35 T87 _wDEWEY _c1 _i44843 _lCCODEBUL1 _mBUL _r0 _sY _tBOOK _u2015-6-24 _xTEOLOGIA _PP35 _0COMPRA _o.STAFF. Colección General |
||
| 994 |
_aC0 _bPEPRU |
||
| 596 | _a1 | ||
| 999 |
_a291.35 T87 _wDEWEY _c21716 _i44843 _f2021-11-11 _g5 _lCCODEBUL1 _mBUL _r0 _sY _tBOOK _u2015-6-24 _xTEOLOGIA _PP35 _0COMPRA _o.STAFF. Colección General _d21716 |
||
| 980 |
_81 _gALBERTO SANCHEZ Responsable de Automatización |
||